• 首页
  • 本馆介绍
  • 公告通知
  • 最新文献
  • 馆藏检索
  • 电子资源
  • 读者导购
  • 参考咨询
  • 我的图书馆
  • 登录
  • 详细信息显示
  • 放入我的书架
  • 预约/预借图书
  • 作者相关作品
  • 分类相关作品
  • 丛书相关作品
  • 出版社相关作品

书目信息

  • 表格格式
  • 工作单格式
  • 卡片格式
题名:
一般系统论
    
 
作者: 冯·贝塔朗菲 , Von Bertalanffy 著 ;林康义 , 魏宏森 译
分册:  
出版信息: 北京   清华大学出版社  1987
页数: 279页
开本: 20cm
丛书名:
单 册:
中图分类: N94
科图分类:
主题词: 系统理论
电子资源:
ISBN:
000 00971nam0 2200313 45
001 0187007664
005 20040705150758.5
010    @dCNY1.90
091    @a2235.48
100    @a19900808d1987 emky0chiy0121 ea
101 1  @achi@ceng
102    @aCN@b110000
105    @ay z 000yy
106    @ar
200 10 @a一般系统论@Ayi ban xi tong lun@e基础、发展和应用@f(美)冯·贝塔朗菲(VonBertalanffy,L.)著@g林康义, 魏宏森译
210    @a北京@c清华大学出版社@d1987
215    @a279页@d20cm
300    @a书名原文: General system theroy
510 1  @aGeneral system theroy@zeng
517 1  @a基础、发展和应用@Aji chu 、 fa zhan he ying yong
606    @a系统理论
690    @aN94@v3 
701  1 @a冯·贝塔朗菲@Afeng · bei ta lang fei@bL.@4著
701 A1 @aVon Bertalanffy@bL.@4著
702  0 @a林康义@Alin kang yi@4译
702  0 @a魏宏森@Awei hong sen@4译
801  0 @aCN@b深圳图书馆@c20040524
801  2 @aCN@bNLC@c20040524
905    @dN94@e13@b203370@f1
    
    一般系统论:基础、发展和应用/(美)冯·贝塔朗菲(VonBertalanffy,L.)著/林康义, 魏宏森译.-北京:清华大学出版社,1987
    279页;20cm
    书名原文: General system theroy
    
    ISBN :CNY1.90
    
●
相关链接 在E读中查询图书 在五车中查询图书 在当当中查询图书 在豆瓣中查询图书


正题名:一般系统论     索取号:N94/13         预约/预借

序号 登录号 条形码 馆藏地/架位号 状态 备注
1 0203369   001234998   密集书库/ [索取号:N94/13] 在馆    
2 0203370   001940449   密集书库/ [索取号:N94/13] 在馆    
3 0203371   001235005   第二样本阅览室/ [索取号:N94/13] 在馆    
唐山师范学院图书馆 欢迎您!
大连网信软件有限公司© 版权所有